<?xml version="1.0" encoding="UTF-8"?><?xml-stylesheet type="text/xsl" href="static/style.xsl"?><OAI-PMH xmlns="http://www.openarchives.org/OAI/2.0/" xmlns:xsi="http://www.w3.org/2001/XMLSchema-instance" xsi:schemaLocation="http://www.openarchives.org/OAI/2.0/ http://www.openarchives.org/OAI/2.0/OAI-PMH.xsd"><responseDate>2026-06-02T01:12:45Z</responseDate><request verb="GetRecord" identifier="oai:riubu.ubu.es:10259/6513" metadataPrefix="marc">https://riubu.ubu.es/oai/request</request><GetRecord><record><header><identifier>oai:riubu.ubu.es:10259/6513</identifier><datestamp>2022-04-01T07:46:00Z</datestamp><setSpec>com_10259.4_103</setSpec><setSpec>com_10259.4_1</setSpec><setSpec>com_10259_2604</setSpec><setSpec>col_10259_6504</setSpec></header><metadata><record xmlns="http://www.loc.gov/MARC21/slim" xmlns:doc="http://www.lyncode.com/xoai" xmlns:xsi="http://www.w3.org/2001/XMLSchema-instance" xmlns:dcterms="http://purl.org/dc/terms/" xsi:schemaLocation="http://www.loc.gov/MARC21/slim http://www.loc.gov/standards/marcxml/schema/MARC21slim.xsd">
<leader>00925njm 22002777a 4500</leader>
<datafield tag="042" ind1=" " ind2=" ">
<subfield code="a">dc</subfield>
</datafield>
<datafield tag="720" ind1=" " ind2=" ">
<subfield code="a">Díez del Corral Garnica, Rosario</subfield>
<subfield code="e">author</subfield>
</datafield>
<datafield tag="260" ind1=" " ind2=" ">
<subfield code="c">2017</subfield>
</datafield>
<datafield tag="520" ind1=" " ind2=" ">
<subfield code="a">La capilla de Santiago y santa Ana en Belorado (Burgos)&#xd;
fue fundada por Gonzalo Monte Marrón en 1548 para enterramiento&#xd;
suyo y de sus familiares. Nueva documentación nos informa de que fue&#xd;
construida por varios miembros de la familia Arteaga. Juan de Vallejo&#xd;
y Ochoa de Arteaga figuran como tasadores de la obra. La capilla de&#xd;
planta centralizada y sacristía pone de manifiesto las estrechas relaciones&#xd;
familiares y profesionales de los maestros de obras en la Castilla del siglo XVI. Dos espléndidas rejas comunican el espacio de la&#xd;
capilla con el presbiterio y la nave central. Un bello retablo, construido&#xd;
en 1573, se integra perfectamente en la arquitectura.</subfield>
</datafield>
<datafield tag="520" ind1=" " ind2=" ">
<subfield code="a">The chapel of Santiago and Saint Ana in Saint Mary’s&#xd;
church (Belorado, Burgos) was established by Gonzalo Monte Marrón&#xd;
in 1548 to serve as his burial and that of his family. New documents&#xd;
indicate that it was built by several members of the Arteaga family.&#xd;
Juan de Vallejo and Ochoa de Arteaga acted as the construction&#xd;
appraisers. This central-plan chapel and the adjoining vestry points&#xd;
out to the close relationships, both familial and professional, between&#xd;
XVI th century Castilian master builders. Two splendid iron grilles&#xd;
connect the chapel space with those of the chancel and the central nave. A beautiful altar-piece, made in 1573, is perfectly integrated&#xd;
within the architecture.</subfield>
</datafield>
<datafield tag="024" ind2=" " ind1="8">
<subfield code="a">0211-8998</subfield>
</datafield>
<datafield tag="024" ind2=" " ind1="8">
<subfield code="a">http://hdl.handle.net/10259/6513</subfield>
</datafield>
<datafield ind1=" " ind2=" " tag="653">
<subfield code="a">Belorado</subfield>
</datafield>
<datafield ind1=" " ind2=" " tag="653">
<subfield code="a">Capillas funerarias siglo XVI en Burgos</subfield>
</datafield>
<datafield ind1=" " ind2=" " tag="653">
<subfield code="a">Arquitectura del Renacimiento en España</subfield>
</datafield>
<datafield ind1=" " ind2=" " tag="653">
<subfield code="a">Juan de Vallejo</subfield>
</datafield>
<datafield ind1=" " ind2=" " tag="653">
<subfield code="a">Ochoa de Arteaga</subfield>
</datafield>
<datafield ind1=" " ind2=" " tag="653">
<subfield code="a">XVI th century burial chapels in Burgos</subfield>
</datafield>
<datafield ind1=" " ind2=" " tag="653">
<subfield code="a">Spanish Renaissance architecture</subfield>
</datafield>
<datafield tag="245" ind1="0" ind2="0">
<subfield code="a">Juan de Vallejo y los maestros Artega en la capilla de Santa Ana y Santiago en Belorado (Burgos)</subfield>
</datafield>
</record></metadata></record></GetRecord></OAI-PMH>